<?xml version="1.0" encoding="UTF-8"?>
<record
    xmlns:xsi="http://www.w3.org/2001/XMLSchema-instance"
    xsi:schemaLocation="http://www.loc.gov/MARC21/slim http://www.loc.gov/standards/marcxml/schema/MARC21slim.xsd"
    xmlns="http://www.loc.gov/MARC21/slim">

  <leader>00955nam a2200229 a 4500</leader>
  <controlfield tag="003">OSt</controlfield>
  <controlfield tag="005">20141030172832.0</controlfield>
  <controlfield tag="008">141009s2014    sp ||||  |||||0|| 0 spa|d</controlfield>
  <datafield tag="020" ind1=" " ind2=" ">
    <subfield code="a">9788415174981</subfield>
  </datafield>
  <datafield tag="040" ind1=" " ind2=" ">
    <subfield code="b">cat</subfield>
    <subfield code="c">CDMR</subfield>
  </datafield>
  <datafield tag="100" ind1="1" ind2=" ">
    <subfield code="a">Guix&#xE0;, Josep,</subfield>
    <subfield code="d">1968-</subfield>
  </datafield>
  <datafield tag="245" ind1="1" ind2="0">
    <subfield code="a">Esp&#xED;as de Franco </subfield>
    <subfield code="b">: Josep Pla y Francesc Camb&#xF3; : la red de espionaje contra la revoluci&#xF3;n en Catalu&#xF1;a</subfield>
    <subfield code="c">Josep Guix&#xE0; ; pr&#xF3;logo de Manuel Trallero</subfield>
  </datafield>
  <datafield tag="260" ind1=" " ind2=" ">
    <subfield code="a">Madrid </subfield>
    <subfield code="b">F&#xF3;rcola</subfield>
    <subfield code="c">cop. 2014</subfield>
  </datafield>
  <datafield tag="300" ind1=" " ind2=" ">
    <subfield code="a">518 p. </subfield>
    <subfield code="c">21 cm</subfield>
  </datafield>
  <datafield tag="504" ind1=" " ind2=" ">
    <subfield code="a">Inclou refer&#xE8;ncies bibliogr&#xE0;fiques i &#xED;ndex</subfield>
  </datafield>
  <datafield tag="600" ind1="1" ind2="7">
    <subfield code="a">Pla, Josep</subfield>
    <subfield code="d">1897-1981</subfield>
    <subfield code="x">Activitat pol&#xED;tica</subfield>
    <subfield code="2">lemac</subfield>
    <subfield code="9">827</subfield>
  </datafield>
  <datafield tag="600" ind1="1" ind2="7">
    <subfield code="a">Camb&#xF3;, Francesc</subfield>
    <subfield code="d">1876-1947</subfield>
    <subfield code="x">Activitat pol&#xED;tica</subfield>
    <subfield code="2">lemac</subfield>
    <subfield code="9">852</subfield>
  </datafield>
  <datafield tag="610" ind1="2" ind2="4">
    <subfield code="a">Servicios de Informaci&#xF3;n del Nordeste de Espa&#xF1;a</subfield>
  </datafield>
  <datafield tag="650" ind1=" " ind2="7">
    <subfield code="a">Espies</subfield>
    <subfield code="z">Catalunya</subfield>
    <subfield code="x">Hist&#xF2;ria</subfield>
    <subfield code="y">1936-1939, Guerra Civil</subfield>
    <subfield code="2">lemac</subfield>
  </datafield>
  <datafield tag="651" ind1=" " ind2="7">
    <subfield code="a">Espanya</subfield>
    <subfield code="x">Hist&#xF2;ria</subfield>
    <subfield code="y">1936-1939, Guerra Civil</subfield>
    <subfield code="x">Servei d'intel&#xB7;lig&#xE8;ncia</subfield>
    <subfield code="2">lemac</subfield>
  </datafield>
  <datafield tag="942" ind1=" " ind2=" ">
    <subfield code="c">MON</subfield>
  </datafield>
  <datafield tag="999" ind1=" " ind2=" ">
    <subfield code="c">6761</subfield>
    <subfield code="d">6761</subfield>
  </datafield>
  <datafield tag="952" ind1=" " ind2=" ">
    <subfield code="0">0</subfield>
    <subfield code="1">0</subfield>
    <subfield code="4">0</subfield>
    <subfield code="7">0</subfield>
    <subfield code="a">CDMR</subfield>
    <subfield code="b">CDMR</subfield>
    <subfield code="d">2014-10-30</subfield>
    <subfield code="e">Intercanvi</subfield>
    <subfield code="g">26.50</subfield>
    <subfield code="l">0</subfield>
    <subfield code="o">Du 1/106</subfield>
    <subfield code="p">CDMR1410301366</subfield>
    <subfield code="r">2014-10-30</subfield>
    <subfield code="v">26.50</subfield>
    <subfield code="w">2014-10-30</subfield>
    <subfield code="y">MON</subfield>
  </datafield>
</record>
